[Event "Miquel Mas op 19th"]
[Site "Castell de Sant Ferran"]
[Date "2018.08.09"]
[Round "1"]
[White "Castella Margarit, Joan Enric"]
[Black "Touzane, Olivier"]
[Result "0-1"]
[WhiteElo "1679"]
[BlackElo "2301"]
[PlyCount "97"]
[EventDate "2018.08.09"]
[EventType "swiss"]
[EventRounds "9"]
[EventCountry "ESP"]
[SourceTitle "CBM 186 Extra"]
[Source "ChessBase"]
[SourceDate "2018.08.24"]
[SourceVersion "1"]
[SourceVersionDate "2018.08.24"]
[SourceQuality "1"]

1. e4 g6 2. d4 Bg7 3. Be3 d5 4. e5 c5 5. Bb5+ Nc6 6. c3 Qb6 7. Qb3 c4 8. Bxc6+ Qxc6 9. Qd1 f6 10. f4 Nh6 11. Nf3 0-0 12. 0-0 Qb6 13. Qc1 Bf5 14. h3 Bd3 15. Rf2 Nf5 16. Ne1 fxe5 17. fxe5 Nxe3 18. Qxe3 Rxf2 19. Qxf2 Rf8 20. Nf3 Bh6 21. Na3 Bf4 22. Re1 a6 23. Nb1 Be4 24. Nbd2 Bxd2 25. Qxd2 Bxf3 26. gxf3 Qe6 27. Qg2 Rf4 28. Rf1 Qf5 29. Qg3 g5 30. Kg2 Kf7 31. Qe1 Ke6 32. Qb1 Rxf3 33. Qxf5+ Rxf5 34. Rb1 Kd7 35. b3 Kc6 36. bxc4 dxc4 37. a4 b6 38. Rb4 b5 39. axb5+ axb5 40. Rb1 Rf8 41. Kg3 h5 42. Rd1 Kd5 43. Re1 e6 44. Kg2 Ra8 45. Rb1 Kc6 46. Kf3 Ra3 47. Ke4 Rxc3 48. Rg1 Rxh3 49. Rxg5 0-1

[Event "Gerunda op 3rd"]
[Site "Gerunda"]
[Date "2018.04.13"]
[Round "2"]
[White "Mayor Sanchez, Angel"]
[Black "Castella Margarit, Joan Enric"]
[Result "1-0"]
[WhiteElo "2027"]
[BlackElo "1703"]
[PlyCount "45"]
[EventDate "2018.04.06"]
[EventType "swiss"]
[EventRounds "9"]
[EventCountry "ESP"]
[SourceTitle "CBM 184 Extra"]
[Source "ChessBase"]
[SourceDate "2018.06.28"]
[SourceVersion "1"]
[SourceVersionDate "2018.06.28"]
[SourceQuality "1"]

1. d4 Nf6 2. c4 c5 3. d5 e5 4. Nc3 d6 5. e4 Be7 6. f3 Nbd7 7. Be3 h5 8. Bd3 h4 9. Qd2 a6 10. Nge2 Nf8 11. 0-0-0 Ng6 12. Kb1 Rb8 13. Nc1 Bd7 14. g3 b5 15. Bg5 Nh5 16. Be3 bxc4 17. Bxc4 Qa5 18. Nb3 Qb4 19. Qd3 Bb5 20. Bxb5+ axb5 21. Nxc5 dxc5 22. d6 Bd8 23. d7+ 1-0

[Event "Girona Pont Major op 2nd"]
[Site "Girona"]
[Date "2017.05.12"]
[Round "4"]
[White "Parals Marce, Luis"]
[Black "Castella Margarit, Joan Enric"]
[Result "1-0"]
[WhiteElo "2129"]
[BlackElo "1693"]
[PlyCount "79"]
[EventDate "2017.04.21"]
[EventType "swiss"]
[EventRounds "8"]
[EventCountry "ESP"]
[SourceTitle "CBM 187 Extra"]
[Source "ChessBase"]
[SourceDate "2018.11.04"]
[SourceVersion "1"]
[SourceVersionDate "2018.11.04"]
[SourceQuality "1"]

1. d4 Nf6 2. Bf4 e6 3. e3 b6 4. Nd2 Bb7 5. c3 d6 6. h3 g6 7. Ngf3 Bg7 8. a4 a5 9. Bb5+ Nbd7 10. 0-0 0-0 11. Bh2 Qe7 12. Re1 e5 13. e4 Rad8 14. d5 Kh8 15. b4 Ng8 16. bxa5 bxa5 17. Nb3 Ra8 18. c4 f5 19. exf5 Rxf5 20. Nfd4 Rf6 21. f4 Qf7 22. Bxd7 exd4 23. Be6 Qf8 24. Nxd4 Rxf4 25. Bxf4 Qxf4 26. Nf3 Bxa1 27. Qxa1+ Qf6 28. Qxf6+ Nxf6 29. Nd4 Ba6 30. Nb5 Rb8 31. g4 h6 32. Bf7 Bxb5 33. cxb5 g5 34. Re7 Rb7 35. Kf2 Nh7 36. Be6 Nf8 37. Bc8 Ra7 38. b6 Ra8 39. Rxc7 Rb8 40. b7 1-0

[Event "Costa Brava op 29th"]
[Site "Costa Brava"]
[Date "2016.10.22"]
[Round "4"]
[White "Castella Margarit, Joan Enric"]
[Black "Mato Bonany, Joan"]
[Result "0-1"]
[WhiteElo "1520"]
[BlackElo "1881"]
[PlyCount "76"]
[EventDate "2016.09.24"]
[EventType "swiss"]
[EventRounds "9"]
[EventCountry "ESP"]
[SourceTitle "EXT 2018"]
[Source "ChessBase"]
[SourceDate "2017.10.13"]
[SourceVersion "1"]
[SourceVersionDate "2017.10.13"]
[SourceQuality "1"]

1. e4 c5 2. Nf3 d6 3. d4 cxd4 4. Nxd4 Nc6 5. Be3 Nf6 6. f3 e6 7. Bb5 Qc7 8. Nc3 Bd7 9. Nb3 a6 10. Be2 Rb8 11. 0-0 b5 12. a3 Be7 13. Qd2 0-0 14. Kh1 Ne5 15. Nd4 Rfc8 16. Rfd1 Nc4 17. Bxc4 Qxc4 18. Nde2 a5 19. Bg5 Rd8 20. Nd4 b4 21. axb4 axb4 22. Nce2 Rbc8 23. b3 Qc5 24. Be3 Qc7 25. Qxb4 e5 26. Nf5 Bxf5 27. exf5 Qxc2 28. Rd2 Qxf5 29. Qb7 Qe6 30. Ra7 Kf8 31. Rb2 Rb8 32. Qc6 Rxb3 33. Rxb3 Qxb3 34. Bb6 Re8 35. Nc3 g6 36. h3 Qe6 37. Nb5 Rc8 38. Rxe7 Kxe7 0-1

[Event "Palafrugell Gelpi Memorial 28th"]
[Site "Palafrugell"]
[Date "2015.??.??"]
[Round "7"]
[White "Castella Margarit, Joan Enric"]
[Black "Bou Janoher, Ernest"]
[Result "1-0"]
[WhiteElo "1869"]
[BlackElo "1872"]
[PlyCount "57"]
[EventDate "2015.09.26"]
[EventType "swiss"]
[EventRounds "9"]
[EventCountry "ESP"]
[SourceTitle "EXT 2017"]
[Source "ChessBase"]
[SourceDate "2016.10.25"]
[SourceVersion "1"]
[SourceVersionDate "2016.10.25"]
[SourceQuality "1"]

1. d4 d5 2. c4 c6 3. Nf3 Bf5 4. Qb3 Bc8 5. Nc3 e6 6. Bf4 Bd6 7. Bxd6 Qxd6 8. e3 Ne7 9. Rc1 0-0 10. Bd3 Nd7 11. 0-0 e5 12. cxd5 cxd5 13. Nb5 Qf6 14. e4 exd4 15. Nbxd4 Ne5 16. Nxe5 Qxe5 17. Nf3 Qh5 18. Rc7 dxe4 19. Bxe4 Ng6 20. Bd5 Nf4 21. Bxf7+ Rxf7 22. Ng5 Be6 23. Nxe6 Nxe6 24. Qxe6 Raf8 25. Rxb7 h6 26. Rxa7 Kh8 27. Rxf7 Rxf7 28. Qe8+ Kh7 29. Re1 1-0

[Event "Palafrugell Gelpi Memorial 28th"]
[Site "Palafrugell"]
[Date "2015.??.??"]
[Round "5"]
[White "Castella Margarit, Joan Enric"]
[Black "Clot Chico, Arnau"]
[Result "0-1"]
[WhiteElo "1869"]
[BlackElo "2065"]
[PlyCount "72"]
[EventDate "2015.09.26"]
[EventType "swiss"]
[EventRounds "9"]
[EventCountry "ESP"]
[SourceTitle "EXT 2017"]
[Source "ChessBase"]
[SourceDate "2016.10.25"]
[SourceVersion "1"]
[SourceVersionDate "2016.10.25"]
[SourceQuality "1"]

1. d4 Nf6 2. c4 g6 3. g3 Bg7 4. Bg2 0-0 5. Nc3 c6 6. Nf3 d5 7. c5 Re8 8. 0-0 Nbd7 9. Bg5 h6 10. Bxf6 Nxf6 11. Ne5 Ng4 12. Nxg4 Bxg4 13. f4 b6 14. b4 a5 15. bxa5 bxc5 16. h3 Bxd4+ 17. Kh2 Bxh3 18. Bxh3 Bxc3 19. Rc1 Qxa5 20. f5 g5 21. Qd3 Bf6 22. Rc2 c4 23. Qf3 Qa3 24. Qf2 Reb8 25. Bg2 Rb2 26. Rfc1 Qd6 27. Rxb2 Bxb2 28. Rc2 Be5 29. e4 Ra3 30. Kh1 Bxg3 31. Qe2 Rd3 32. Bf3 Qf4 33. Bg2 Re3 34. Qd2 Re1+ 35. Qxe1 Bxe1 36. exd5 Bf2 0-1

[Event "Girona Territorial-ch"]
[Site "Girona"]
[Date "2014.10.05"]
[Round "1"]
[White "Castella Margarit, Joan Enric"]
[Black "Domenech Plana, Jaume"]
[Result "0-1"]
[WhiteElo "1899"]
[BlackElo "2315"]
[PlyCount "67"]
[EventDate "2014.10.05"]
[EventType "swiss"]
[EventRounds "9"]
[EventCountry "CAT"]
[SourceTitle "CBM 163 Extra"]
[Source "ChessBase"]
[SourceDate "2014.12.23"]
[SourceVersion "1"]
[SourceVersionDate "2014.12.23"]
[SourceQuality "1"]

1. d4 c5 2. d5 e5 3. e4 d6 4. Bd3 Ne7 5. Ne2 Ng6 6. 0-0 Be7 7. c4 Bg5 8. f4 exf4 9. Nxf4 Nd7 10. Nc3 Nde5 11. Be2 0-0 12. Nb5 Nxf4 13. Bxf4 Bxf4 14. Rxf4 a6 15. Nc3 Qg5 16. Qf1 Bh3 17. Rf2 h5 18. Kh1 Bd7 19. Qc1 Qe7 20. Qe3 Rae8 21. Raf1 f5 22. h3 g6 23. b3 Rf7 24. exf5 Ng4 25. fxg6 Rxf2 26. Qxe7 Rxe7 27. hxg4 Rexe2 28. Rxf2 Rxf2 29. gxh5 Rf4 30. g3 Rd4 31. Ne2 Bg4 32. Nf4 Kg7 33. Kg1 Re4 34. Kf2 0-1

[Event "Girona op 5th"]
[Site "Girona"]
[Date "2014.07.19"]
[Round "5"]
[White "Castella Margarit, Joan Enric"]
[Black "Castrillon Otero, Javier"]
[Result "0-1"]
[WhiteElo "1700"]
[BlackElo "2140"]
[PlyCount "72"]
[EventDate "2014.07.15"]
[EventType "swiss"]
[EventRounds "9"]
[EventCountry "ESP"]
[SourceTitle "EXT 2016"]
[Source "ChessBase"]
[SourceDate "2015.10.08"]
[SourceVersion "1"]
[SourceVersionDate "2015.10.08"]
[SourceQuality "1"]

1. d4 d5 2. c4 c6 3. Nf3 e6 4. e3 Bd6 5. Bd3 f5 6. Nc3 Nd7 7. h4 Ngf6 8. cxd5 cxd5 9. Ng5 Qe7 10. Nb5 Bb8 11. b3 Ne4 12. Nxe4 fxe4 13. Ba3 Qd8 14. Be2 Nf6 15. g4 a6 16. Nc3 Qa5 17. Qc1 Bd7 18. g5 Ng8 19. Kf1 Ne7 20. f4 exf3 21. Bxf3 Rf8 22. Kg2 Ba7 23. Bxe7 Kxe7 24. Ne2 Rac8 25. Qb2 Bc6 26. Nf4 Bb8 27. b4 Qd8 28. Qd2 Bxf4 29. exf4 Qd6 30. Kg3 Bb5 31. Bg4 Rc4 32. a4 Bd7 33. b5 Rfc8 34. Rhe1 Rc3+ 35. Re3 Qb4 36. Rxc3 Rxc3+ 0-1

[Event "Santa Eugenia op 9th"]
[Site "Santa Eugenia"]
[Date "2014.05.23"]
[Round "5"]
[White "Castella Margarit, Joan Enric"]
[Black "Arribas Viera, David"]
[Result "0-1"]
[WhiteElo "1700"]
[BlackElo "1856"]
[PlyCount "48"]
[EventDate "2014.04.25"]
[EventType "swiss"]
[EventRounds "9"]
[EventCountry "ESP"]
[SourceTitle "EXT 2015"]
[Source "ChessBase"]
[SourceDate "2014.11.20"]
[SourceVersion "1"]
[SourceVersionDate "2014.11.20"]
[SourceQuality "1"]

1. d4 d5 2. c4 e6 3. Nc3 Nf6 4. Bg5 Be7 5. e3 0-0 6. Nf3 c6 7. Bd3 h6 8. Bh4 dxc4 9. Bxc4 Nd5 10. Bxe7 Qxe7 11. 0-0 Nd7 12. Re1 Qb4 13. Qb3 Qxb3 14. Bxb3 N7f6 15. e4 Nxc3 16. bxc3 b6 17. e5 Nd5 18. c4 Ne7 19. h3 Bb7 20. Rad1 Rfd8 21. Re2 c5 22. Red2 Bxf3 23. gxf3 Nc6 24. d5 Nxe5 0-1